000 00286nam a2200133 i 4500
001 bg
245 0 _aCharacterization of ceramics.
260 _aNew York,
_c1971.
040 _cBPK
041 _apol
080 _a666.3/.7
942 _cKS
008 s pl f |000 0 pol
999 _c27262
_d27262
856 _uhttp://koha.tu.koszalin.pl/cgi-bin/koha/opac-detail.pl?biblionumber=27262
_yKatalog online BPK